[Event "7. Open C.A. Ciudad los Angeles 2012"]
[Site "Madrid ESP"]
[Date "2013.05.19"]
[Round "7.9"]
[White "Salgado Duarte, Pablo"]
[Black "Magan Gonzalez, Alberto"]
[Result "1/2-1/2"]
[WhiteElo "1607"]
[BlackElo "1855"]
[PlyCount "86"]
[EventDate "2013.04.07"]
[EventType "swiss"]
[EventRounds "9"]
[EventCountry "ESP"]
[SourceTitle "Ajedrez en Madrid"]
[Source "lmi"]
[SourceDate "2013.04.07"]
[SourceVersion "1"]
[SourceVersionDate "2013.08.06"]
[SourceQuality "1"]

1. d4 Nf6 2. c4 e6 3. Nc3 c5 4. Nf3 d5 5. Bg5 cxd4 6. Nxd4 Be7 7. e3 O-O 8.
cxd5 Nxd5 9. Bxe7 Qxe7 10. Nxd5 exd5 11. a3 Nc6 12. Be2 Be6 13. O-O Rac8 14.
Nxc6 bxc6 15. Rc1 c5 16. Bf3 Rfd8 17. Re1 Qd7 18. Re2 g5 19. Rd2 f5 20. Be2 Qe7
21. Bf3 Qf7 22. Rd3 g4 23. Be2 Qf6 24. Rd2 h5 25. g3 h4 26. Ba6 Rc7 27. b4 hxg3
28. fxg3 Qe5 29. Qe2 cxb4 30. Rxc7 Qxc7 31. axb4 Rb8 32. Rc2 Qe5 33. Rb2 d4 34.
exd4 Qxd4+ 35. Qf2 Qe4 36. Re2 Qc6 37. Bd3 Rd8 38. Qe3 Re8 39. Bxf5 Bd7 40.
Qg5+ Kf7 41. Qh5+ Kf8 42. Qh8+ Kf7 43. Qh7+ Kf8 1/2-1/2

[Event "7. Open C.A. Ciudad los Angeles 2012"]
[Site "Madrid ESP"]
[Date "2013.05.19"]
[Round "7.10"]
[White "Perez Alvarez, Javier"]
[Black "Benitez Cadenas, Luis Miguel"]
[Result "0-1"]
[WhiteElo "1818"]
[BlackElo "1698"]
[PlyCount "104"]
[EventDate "2013.04.07"]
[EventType "swiss"]
[EventRounds "9"]
[EventCountry "ESP"]
[SourceTitle "Ajedrez en Madrid"]
[Source "lmi"]
[SourceDate "2013.04.07"]
[SourceVersion "1"]
[SourceVersionDate "2013.08.06"]
[SourceQuality "1"]

1. e4 e6 2. d4 d5 3. Nd2 dxe4 4. Nxe4 Bd7 5. Nf3 Bc6 6. Bd3 Nd7 7. O-O Ngf6 8.
Nxf6+ Nxf6 9. Re1 Be7 10. c3 Bxf3 11. Qxf3 Qd5 12. Qxd5 Nxd5 13. Be4 c6 14. c4
Nf6 15. Bf3 Rd8 16. Be3 O-O 17. Red1 Rd7 18. d5 cxd5 19. cxd5 Nxd5 20. Bxd5
Rxd5 21. Rxd5 exd5 22. Bxa7 Bf6 23. Rd1 Ra8 24. Bd4 Bxd4 25. Rxd4 Rxa2 26. g3
Rxb2 27. Rxd5 g6 28. Rd7 b5 29. Rb7 b4 30. h4 h5 31. Kg2 Kg7 32. Kf3 Rb1 33.
Rb6 b3 34. Kf4 b2 35. Kf3 Kh6 36. Kg2 Kg7 37. Kf3 f6 38. Rb7+ Kf8 39. Kf4 Ke8
40. Kf3 Kd8 41. Kf4 Kc8 42. Rb3 Kc7 43. f3 Kc6 44. Rb8 Kd5 45. Rb6 Kd4 46. Rb8
Kd3 47. Rb6 Ra1 48. g4 b1=Q 49. Rxb1 Rxb1 50. gxh5 gxh5 51. Kf5 Ke3 52. Kxf6
Rg1 0-1

[Event "7. Open C.A. Ciudad los Angeles 2012"]
[Site "Madrid ESP"]
[Date "2013.05.19"]
[Round "7.11"]
[White "Maseda Iglesias, Luis"]
[Black "Rodriguez Lopez-Cañizares, Francisco"]
[Result "1/2-1/2"]
[WhiteElo "1766"]
[BlackElo "1668"]
[PlyCount "48"]
[EventDate "2013.04.07"]
[EventType "swiss"]
[EventRounds "9"]
[EventCountry "ESP"]
[SourceTitle "Ajedrez en Madrid"]
[Source "lmi"]
[SourceDate "2013.04.07"]
[SourceVersion "1"]
[SourceVersionDate "2013.08.06"]
[SourceQuality "1"]

1. d4 Nf6 2. Nf3 c5 3. e3 Nc6 4. Bd3 g6 5. O-O Bg7 6. c4 cxd4 7. exd4 d5 8. Nc3
O-O 9. h3 Be6 10. c5 b6 11. Bf4 Nh5 12. Bh2 Nxd4 13. Nxd4 Bxd4 14. cxb6 Bxb6
15. Be2 Rc8 16. Bxh5 gxh5 17. Qxh5 f6 18. Qe2 Bf7 19. Rad1 d4 20. Qg4+ Bg6 21.
Qe6+ Bf7 22. Qg4+ Bg6 23. Qe6+ Bf7 24. Qg4+ Bg6 1/2-1/2

[Event "7. Open C.A. Ciudad los Angeles 2012"]
[Site "Madrid ESP"]
[Date "2013.05.19"]
[Round "7.13"]
[White "Sotres Menendez, Raul"]
[Black "Garcia De Quesada Y Fort, Ignacio"]
[Result "0-1"]
[WhiteElo "1606"]
[BlackElo "1926"]
[PlyCount "46"]
[EventDate "2013.04.07"]
[EventType "swiss"]
[EventRounds "9"]
[EventCountry "ESP"]
[SourceTitle "Ajedrez en Madrid"]
[Source "lmi"]
[SourceDate "2013.04.07"]
[SourceVersion "1"]
[SourceVersionDate "2013.08.06"]
[SourceQuality "1"]

1. d4 Nf6 2. c4 e6 3. Nf3 d5 4. e3 c6 5. cxd5 exd5 6. Bd3 Bg4 7. O-O Ne4 8.
Nbd2 f5 9. Qc2 Bd6 10. Ne5 Bxe5 11. dxe5 Qg5 12. f4 Qg6 13. Nf3 Nd7 14. Bxe4
fxe4 15. Nd4 O-O 16. b4 Nb6 17. Qf2 Bf5 18. Kh1 Nc4 19. a4 a6 20. h3 Qh6 21.
Kh2 Bd7 22. f5 Nxe5 23. g4 Nxg4+ 0-1

[Event "7. Open C.A. Ciudad los Angeles 2012"]
[Site "Madrid ESP"]
[Date "2013.05.19"]
[Round "7.14"]
[White "Melcon Diez, Enrique"]
[Black "Sebastian Enesco, Alex"]
[Result "0-1"]
[WhiteElo "1641"]
[BlackElo "1795"]
[PlyCount "58"]
[EventDate "2013.04.07"]
[EventType "swiss"]
[EventRounds "9"]
[EventCountry "ESP"]
[SourceTitle "Ajedrez en Madrid"]
[Source "lmi"]
[SourceDate "2013.04.07"]
[SourceVersion "1"]
[SourceVersionDate "2013.08.06"]
[SourceQuality "1"]

1. c4 e5 2. Nc3 Nf6 3. Nf3 Nc6 4. g3 Bc5 5. Bg2 a6 6. O-O d6 7. d3 Bg4 8. Bg5
h6 9. Bxf6 gxf6 10. h3 Be6 11. e3 d5 12. cxd5 Bxd5 13. Nxd5 Qxd5 14. Nd4 Qd6
15. Nxc6 bxc6 16. Qa4 Rb8 17. Qxc6+ Qxc6 18. Bxc6+ Ke7 19. b3 Rb6 20. Be4 Ke6
21. g4 h5 22. Rac1 Bd6 23. f3 hxg4 24. hxg4 Rbb8 25. Rc6 a5 26. Ra6 Rh4 27.
Rxa5 Rbh8 28. Kf2 Rh2+ 29. Ke1 Bb4+ 0-1

[Event "7. Open C.A. Ciudad los Angeles 2012"]
[Site "Madrid ESP"]
[Date "2013.05.19"]
[Round "7.15"]
[White "Sorribes Calle, Pablo"]
[Black "Soto Martin, Pablo"]
[Result "0-1"]
[WhiteElo "1663"]
[BlackElo "1763"]
[PlyCount "96"]
[EventDate "2013.04.07"]
[EventType "swiss"]
[EventRounds "9"]
[EventCountry "ESP"]
[SourceTitle "Ajedrez en Madrid"]
[Source "lmi"]
[SourceDate "2013.04.07"]
[SourceVersion "1"]
[SourceVersionDate "2013.08.06"]
[SourceQuality "1"]

1. d4 Nf6 2. c4 g6 3. Nc3 Bg7 4. e3 O-O 5. Bd3 d6 6. Nge2 Nbd7 7. O-O e5 8. d5
a5 9. Ng3 Nc5 10. Bc2 Bd7 11. Rb1 Ne8 12. e4 f5 13. exf5 gxf5 14. a3 a4 15. b4
axb3 16. Bxb3 Qh4 17. Qd2 b6 18. Bc2 Rf6 19. Qg5 Qxc4 20. Bxf5 Qxc3 21. Bxd7
Nxd7 22. Ne4 Qd3 23. Nxf6+ Nexf6 24. Bb2 Qxd5 25. Rfd1 Qe4 26. Rbc1 Nc5 27. Qg3
Nh5 28. Qc3 Nf4 29. Qc4+ Qxc4 30. Rxc4 Nfd3 31. Bc3 Rxa3 32. Ra1 Rxa1+ 33. Bxa1
Kf7 34. g4 Bh6 35. h4 Bf4 36. Rc2 Nc1 37. Bb2 N1b3 38. Ba3 Nd4 39. Ra2 Nf3+ 40.
Kf1 Ne6 41. Bb2 Nxh4 42. Ra8 Nf3 43. Rh8 h6 44. Kg2 Nh2 45. f3 Nf8 46. g5 Bxg5
47. Kxh2 Kg7 48. Rxf8 Kxf8 0-1

[Event "7. Open C.A. Ciudad los Angeles 2012"]
[Site "Madrid ESP"]
[Date "2013.05.19"]
[Round "7.16"]
[White "De Pablo Peña, Miguel Angel"]
[Black "Ramos Antona, Enrique"]
[Result "1-0"]
[WhiteElo "1635"]
[BlackElo "1752"]
[PlyCount "103"]
[EventDate "2013.04.07"]
[EventType "swiss"]
[EventRounds "9"]
[EventCountry "ESP"]
[SourceTitle "Ajedrez en Madrid"]
[Source "lmi"]
[SourceDate "2013.04.07"]
[SourceVersion "1"]
[SourceVersionDate "2013.08.06"]
[SourceQuality "1"]

1. d4 d5 2. c4 c6 3. Nf3 Nf6 4. Nc3 e6 5. Bg5 Be7 6. e3 O-O 7. Bd3 dxc4 8. Bxc4
h6 9. Bh4 b5 10. Bd3 Nbd7 11. O-O Bb7 12. Rc1 Rc8 13. Bg3 a6 14. Ne4 Nxe4 15.
Bxe4 f5 16. Bb1 c5 17. a3 Qb6 18. Ba2 c4 19. Bb1 a5 20. Qe2 Bxf3 21. Qxf3 Nf6
22. Qe2 Bd6 23. Rfd1 Rfd8 24. f3 Rc6 25. Bf2 Qb8 26. g3 Qc8 27. e4 fxe4 28.
fxe4 e5 29. d5 Rc7 30. Kg2 Bc5 31. Rf1 Qg4 32. Qe1 Bxf2 33. Rxf2 Rcd7 34. h3
Qg6 35. Rf5 Nh5 36. Rxe5 Rf7 37. Re6 Nf4+ 38. Kh2 Nxe6 39. e5 Qg5 40. h4 Qg4
41. dxe6 Qxe6 42. Rc2 Rdf8 43. Qe4 Rf2+ 44. Rxf2 Rxf2+ 45. Kg1 Rf7 46. Qa8+ Rf8
47. Qe4 Qb6+ 48. Kg2 Qf2+ 49. Kh3 Qf1+ 50. Kg4 Qd1+ 51. Kh3 Qd7+ 52. e6 1-0

[Event "7. Open C.A. Ciudad los Angeles 2012"]
[Site "Madrid ESP"]
[Date "2013.05.19"]
[Round "7.17"]
[White "Lianes Garcia, Marcos"]
[Black "Juarez De Vena, Antonio"]
[Result "1-0"]
[WhiteElo "1741"]
[BlackElo "1697"]
[PlyCount "113"]
[EventDate "2013.04.07"]
[EventType "swiss"]
[EventRounds "9"]
[EventCountry "ESP"]
[SourceTitle "Ajedrez en Madrid"]
[Source "lmi"]
[SourceDate "2013.04.07"]
[SourceVersion "1"]
[SourceVersionDate "2013.08.06"]
[SourceQuality "1"]

1. d4 d5 2. c4 e6 3. Nc3 Nf6 4. Bg5 Nbd7 5. e3 Be7 6. Nf3 O-O 7. Rc1 h6 8. Bh4
b6 9. Bd3 Bb7 10. O-O Rc8 11. Qa4 a6 12. cxd5 exd5 13. Bf5 b5 14. Qb3 c5 15.
Bxf6 Bxf6 16. Nxd5 c4 17. Nxf6+ Qxf6 18. Qc2 Rcd8 19. Be4 Bc8 20. Qc3 Rfe8 21.
Nd2 Qg5 22. Bf3 Nf6 23. b3 h5 24. Kh1 h4 25. h3 Qh6 26. e4 Nh5 27. Bxh5 Qxh5
28. bxc4 g5 29. f3 b4 30. Qd3 Qg6 31. Rfe1 Qd6 32. d5 Qg3 33. Nf1 Qe5 34. Qd2
Re6 35. Rcd1 Rg6 36. Qd4 Qf4 37. e5 Bxh3 38. Qxf4 Bxg2+ 39. Kxg2 gxf4+ 40. Kh2
Kg7 41. Re2 h3 42. Nd2 a5 43. Ne4 Rc8 44. Nd6 Rh8 45. Rg1 Rxg1 46. Kxg1 Rh5 47.
Kh2 a4 48. c5 b3 49. axb3 axb3 50. c6 b2 51. Rxb2 Rxe5 52. c7 Rxd5 53. c8=Q
Rxd6 54. Qg4+ Rg6 55. Qxg6+ fxg6 56. Kxh3 Kh6 57. Kg4 1-0

[Event "7. Open C.A. Ciudad los Angeles 2012"]
[Site "Madrid ESP"]
[Date "2013.05.19"]
[Round "7.18"]
[White "Bellod Thomas, Gonzalo"]
[Black "Vivas Mariscal, Luis Miguel"]
[Result "1-0"]
[WhiteElo "1715"]
[BlackElo "1573"]
[PlyCount "153"]
[EventDate "2013.04.07"]
[EventType "swiss"]
[EventRounds "9"]
[EventCountry "ESP"]
[SourceTitle "Ajedrez en Madrid"]
[Source "lmi"]
[SourceDate "2013.04.07"]
[SourceVersion "1"]
[SourceVersionDate "2013.08.06"]
[SourceQuality "1"]

1. d4 Nf6 2. Nf3 d5 3. c4 e6 4. Nc3 Bb4 5. Bg5 O-O 6. e3 c6 7. Bd3 Qa5 8. Bxf6
gxf6 9. Qc2 Bxc3+ 10. bxc3 f5 11. O-O f6 12. Rab1 Rf7 13. cxd5 Qxd5 14. c4 Qd6
15. c5 Qc7 16. Nd2 b6 17. Nc4 Nd7 18. Nd6 Rg7 19. Bc4 Nf8 20. Nxf5 Rg6 21. Nd6
b5 22. Bd3 Rh6 23. Qe2 Qg7 24. Qf3 Bd7 25. Qg3 Ng6 26. f4 f5 27. a4 a6 28. Bc2
Kh8 29. Rf3 Rg8 30. Qf2 Qf6 31. Rg3 Nh4 32. Rxg8+ Kxg8 33. Bd1 Qg7 34. Bf3
Nxf3+ 35. Qxf3 Rg6 36. Rb2 Qf8 37. a5 Qd8 38. Ra2 Qe7 39. Qd1 Be8 40. Qb3 Bf7
41. Qd1 Rg7 42. Rf2 h5 43. Qf3 h4 44. Qxc6 h3 45. Qf3 Qh4 46. g3 Bh5 47. Kf1
Bxf3 48. gxh4 Bd5 49. Ke1 b4 50. Rb2 Rg2 51. Rxb4 Rxh2 52. Rb8+ Kh7 53. Nf7 Ra2
54. Ng5+ Kg7 55. Nxh3 Rxa5 56. Rb6 Ra2 57. Ng5 a5 58. Nxe6+ Bxe6 59. Rxe6 Kf7
60. Ra6 Ke7 61. c6 Kd6 62. h5 a4 63. h6 Ra1+ 64. Kd2 Rh1 65. h7 Rxh7 66. c7+
Kd7 67. Kc3 Kc8 68. Ra7 a3 69. Kb3 Rh3 70. d5 Rxe3+ 71. Kc4 Re4+ 72. Kb5 Rxf4
73. d6 Rd4 74. Ra8+ Kd7 75. c8=Q+ Kxd6 76. Rxa3 Rd5+ 77. Kc4 1-0

[Event "7. Open C.A. Ciudad los Angeles 2012"]
[Site "Madrid ESP"]
[Date "2013.05.19"]
[Round "7.19"]
[White "Lopez Ziegler, Juan Jose"]
[Black "Murciano Cespedosa, Antonio"]
[Result "1-0"]
[WhiteElo "1515"]
[BlackElo "1743"]
[PlyCount "69"]
[EventDate "2013.04.07"]
[EventType "swiss"]
[EventRounds "9"]
[EventCountry "ESP"]
[SourceTitle "Ajedrez en Madrid"]
[Source "lmi"]
[SourceDate "2013.04.07"]
[SourceVersion "1"]
[SourceVersionDate "2013.08.06"]
[SourceQuality "1"]

1. d4 Nf6 2. Bf4 g6 3. e3 d5 4. Be2 Bg7 5. h4 h5 6. Nd2 Nbd7 7. Ngf3 c5 8. c3
cxd4 9. exd4 Nb6 10. Ne5 Nfd7 11. Ndf3 Nxe5 12. Nxe5 Nd7 13. Bb5 O-O 14. Qe2
Nxe5 15. dxe5 Bf5 16. Rd1 Be6 17. O-O Qb6 18. Rfe1 Bg4 19. Qd3 Bxd1 20. Rxd1 e6
21. Qe2 a6 22. Bd3 Rac8 23. Be3 Qd8 24. Bg5 Qa5 25. g4 hxg4 26. Qxg4 Bxe5 27.
h5 f5 28. Qh4 Qc7 29. hxg6 Qg7 30. Re1 Bf6 31. Rxe6 Bxg5 32. Qxg5 f4 33. Re7
Qf6 34. Qxd5+ Kh8 35. Qh5+ 1-0

[Event "7. Open C.A. Ciudad los Angeles 2012"]
[Site "Madrid ESP"]
[Date "2013.05.19"]
[Round "7.22"]
[White "Garcia Minguez, Antonio"]
[Black "Pindado Del Carmen, Eliseo"]
[Result "1-0"]
[WhiteElo "1494"]
[BlackElo "1594"]
[PlyCount "107"]
[EventDate "2013.04.07"]
[EventType "swiss"]
[EventRounds "9"]
[EventCountry "ESP"]
[SourceTitle "Ajedrez en Madrid"]
[Source "lmi"]
[SourceDate "2013.04.07"]
[SourceVersion "1"]
[SourceVersionDate "2013.08.06"]
[SourceQuality "1"]

1. d4 c5 2. e3 cxd4 3. exd4 Nc6 4. c4 d5 5. Nf3 Bg4 6. Be3 Qa5+ 7. Nc3 Nf6 8.
cxd5 Nxd5 9. Qc2 Ndb4 10. Qb1 Bf5 11. Qc1 Nc2+ 12. Kd1 Nxa1 13. Qxa1 a6 14. a3
e6 15. Bd2 Rd8 16. Ne2 Qa4+ 17. Ke1 Qb3 18. Bc3 Bd3 19. Nc1 Qa4 20. Bxd3 Na7
21. Ne2 Be7 22. Qb1 Qb3 23. Bc2 Qb5 24. Qd1 Bf6 25. Ba4 O-O 26. Bxb5 Nxb5 27.
h4 Rd5 28. g4 g6 29. Nf4 Rd7 30. Qc2 Rc8 31. Ne2 Bg7 32. g5 Rd5 33. Kf1 Rf5 34.
Kg2 f6 35. Qb3 Kf7 36. gxf6 Bxf6 37. Ne5+ Bxe5 38. dxe5 Rc7 39. Rd1 Nxc3 40.
bxc3 Rxe5 41. Nd4 Re7 42. Rd3 Re4 43. Kg3 h5 44. Rf3+ Kg7 45. Re3 Rg4+ 46. Kh3
Rg1 47. Rxe6 Rf7 48. Qc2 Rh1+ 49. Kg2 Rxh4 50. Qxg6+ Kf8 51. Qh6+ Rg7+ 52. Rg6
Rg4+ 53. Rxg4 hxg4 54. Ne6+ 1-0

[Event "7. Open C.A. Ciudad los Angeles 2012"]
[Site "Madrid ESP"]
[Date "2013.05.19"]
[Round "7.23"]
[White "Cortijo Manso, Luis"]
[Black "Caño Nieto, Jose Luis"]
[Result "1/2-1/2"]
[WhiteElo "1520"]
[BlackElo "1587"]
[PlyCount "78"]
[EventDate "2013.04.07"]
[EventType "swiss"]
[EventRounds "9"]
[EventCountry "ESP"]
[SourceTitle "Ajedrez en Madrid"]
[Source "lmi"]
[SourceDate "2013.04.07"]
[SourceVersion "1"]
[SourceVersionDate "2013.08.06"]
[SourceQuality "1"]

1. d4 Nf6 2. Nf3 d5 3. g3 e6 4. Bg2 Be7 5. O-O O-O 6. Nbd2 Nc6 7. c4 h6 8. cxd5
exd5 9. Re1 Bf5 10. a3 Rb8 11. Nb1 Re8 12. Nc3 a6 13. Bf4 Qc8 14. Ne5 Bh3 15.
Bh1 Qd8 16. b4 Na7 17. Qb3 Be6 18. Rac1 Rc8 19. Qb1 c6 20. Qd3 Bd6 21. e4 Bxe5
22. Bxe5 Nxe4 23. Nxe4 dxe4 24. Bxe4 Bd5 25. Bf5 Be6 26. Bh7+ Kh8 27. Bf5 Bxf5
28. Qxf5 f6 29. Bf4 Rxe1+ 30. Rxe1 Nb5 31. Qd3 Qxd4 32. Qxd4 Nxd4 33. Re7 Nc2
34. Rxb7 Nxa3 35. Ra7 Nb5 36. Rxa6 Kh7 37. Be3 Kg6 38. Kg2 h5 39. h4 Kf5
1/2-1/2

[Event "7. Open C.A. Ciudad los Angeles 2012"]
[Site "Madrid ESP"]
[Date "2013.05.19"]
[Round "7.24"]
[White "Martin Rodriguez, Jose Luis"]
[Black "Lopez-Andujar Ocaña, Ramon"]
[Result "0-1"]
[WhiteElo "1434"]
[BlackElo "1684"]
[PlyCount "112"]
[EventDate "2013.04.07"]
[EventType "swiss"]
[EventRounds "9"]
[EventCountry "ESP"]
[SourceTitle "Ajedrez en Madrid"]
[Source "lmi"]
[SourceDate "2013.04.07"]
[SourceVersion "1"]
[SourceVersionDate "2013.08.06"]
[SourceQuality "1"]

1. e4 c5 2. Nf3 d6 3. d4 cxd4 4. Nxd4 Nf6 5. Nc3 a6 6. Bg5 e6 7. f4 Be7 8. e5
Nd5 9. Bxe7 Nxe7 10. Qe2 Nbc6 11. O-O-O d5 12. g4 Nxd4 13. Rxd4 Nc6 14. Rd1 Qc7
15. Qf3 O-O 16. h4 b5 17. a3 Bb7 18. Bg2 Rac8 19. Qd3 b4 20. Ne2 bxa3 21. Qxa3
Nb4 22. Nc3 Qb6 23. Rd2 Rc4 24. Ne2 Rfc8 25. Qb3 Rxc2+ 26. Rxc2 Rxc2+ 27. Kd1
Qb5 28. Nd4 Qc4 29. Qxc4 Rxc4 30. Nb3 Nd3 31. Rf1 Nxb2+ 32. Kd2 Rb4 33. Kc3 Nd3
34. Nc5 Rc4+ 35. Kxd3 Rxc5 36. Rb1 Rc7 37. f5 Kf8 38. Rb6 Ke7 39. Rd6 Rd7 40.
Rb6 Rc7 41. Rd6 Rc6 42. Rxc6 Bxc6 43. Kc2 Bb5 44. Kc3 Kd7 45. Bf3 Kc6 46. Kb4
Kb6 47. Bd1 a5+ 48. Ka3 Kc5 49. Bc2 h6 50. g5 hxg5 51. hxg5 Kd4 52. g6 fxg6 53.
fxe6 Kxe5 54. e7 Ke6 55. Ba4 Bxa4 56. Kxa4 Kxe7 0-1

[Event "7. Open C.A. Ciudad los Angeles 2012"]
[Site "Madrid ESP"]
[Date "2013.05.19"]
[Round "7.26"]
[White "Rausell Tamayo, Estrella"]
[Black "Gines Martinez, Andres"]
[Result "0-1"]
[WhiteElo "1280"]
[BlackElo "1510"]
[PlyCount "48"]
[EventDate "2013.04.07"]
[EventType "swiss"]
[EventRounds "9"]
[EventCountry "ESP"]
[SourceTitle "Ajedrez en Madrid"]
[Source "lmi"]
[SourceDate "2013.04.07"]
[SourceVersion "1"]
[SourceVersionDate "2013.08.06"]
[SourceQuality "1"]

1. e4 c5 2. Nf3 d6 3. d4 cxd4 4. Nxd4 Nc6 5. c4 Nf6 6. Nc3 e6 7. Be2 Be7 8. O-O
O-O 9. Be3 Ne5 10. f3 a6 11. b3 Bd7 12. Qd2 Qc7 13. Rac1 Rfd8 14. Kh1 Bc6 15.
Nc2 d5 16. Qe1 dxe4 17. Qf2 exf3 18. gxf3 Neg4 19. Qg3 Qxg3 20. hxg3 Nxe3 21.
Nxe3 Rd2 22. Rcd1 Rad8 23. Kg1 Bc5 24. Nb1 Bxe3+ 0-1

[Event "7. Open C.A. Ciudad los Angeles 2012"]
[Site "Madrid ESP"]
[Date "2013.05.26"]
[Round "8.1"]
[White "Tirado Parra, Alberto"]
[Black "Rodriguez Dorado, Victor"]
[Result "0-1"]
[WhiteElo "1896"]
[BlackElo "1924"]
[PlyCount "90"]
[EventDate "2013.04.07"]
[EventType "swiss"]
[EventRounds "9"]
[EventCountry "ESP"]
[SourceTitle "Ajedrez en Madrid"]
[Source "lmi"]
[SourceDate "2013.04.07"]
[SourceVersion "1"]
[SourceVersionDate "2013.08.06"]
[SourceQuality "1"]

1. d4 Nf6 2. Nf3 g6 3. Bf4 Bg7 4. e3 O-O 5. Be2 d5 6. Nc3 c6 7. Ne5 Nbd7 8. h4
Nxe5 9. Bxe5 b5 10. Bf3 a5 11. h5 a4 12. hxg6 fxg6 13. Ne2 Qa5+ 14. Kf1 b4 15.
Nf4 g5 16. Bxf6 exf6 17. Nd3 Ba6 18. Be2 Rae8 19. Kg1 Re7 20. Qe1 Qb6 21. Nc5
Bxe2 22. Qxe2 f5 23. Nxa4 Qa7 24. Nc5 Bxd4 25. Nd3 f4 26. Nxb4 fxe3 27. f3 Qb7
28. c3 Ba7 29. Rh5 Rg7 30. a4 g4 31. f4 Rxf4 32. Nd3 Rf8 33. b4 Qa6 34. b5 cxb5
35. Rxd5 bxa4 36. Nf4 Qc6 37. Rf1 a3 38. Qa2 e2+ 39. Rd4+ Kh8 40. Ng6+ hxg6 41.
Rxf8+ Kh7 42. Qxe2 Qxc3 43. Kh2 Qxd4 44. Qe8 Qg1+ 45. Kg3 Qe3+ 0-1

[Event "7. Open C.A. Ciudad los Angeles 2012"]
[Site "Madrid ESP"]
[Date "2013.05.26"]
[Round "8.2"]
[White "Lobato Rivero, Carlos"]
[Black "Rodriguez Vignote, Javier"]
[Result "1/2-1/2"]
[WhiteElo "1964"]
[BlackElo "1975"]
[PlyCount "70"]
[EventDate "2013.04.07"]
[EventType "swiss"]
[EventRounds "9"]
[EventCountry "ESP"]
[SourceTitle "Ajedrez en Madrid"]
[Source "lmi"]
[SourceDate "2013.04.07"]
[SourceVersion "1"]
[SourceVersionDate "2013.08.06"]
[SourceQuality "1"]

1. e4 e6 2. d4 d5 3. e5 c5 4. c3 Nc6 5. Nf3 Nge7 6. Bd3 cxd4 7. cxd4 Nf5 8.
Bxf5 exf5 9. O-O Be6 10. h4 h6 11. g3 Be7 12. Kg2 Qb6 13. Nc3 O-O-O 14. Na4 Qb5
15. Be3 Kb8 16. Rc1 Na5 17. b3 b6 18. Re1 Rc8 19. Rxc8+ Rxc8 20. Qe2 Qxe2 21.
Rxe2 Bd7 22. Ne1 Bxa4 23. bxa4 Rc4 24. Nd3 g5 25. hxg5 hxg5 26. f4 g4 27. e6 f6
28. Nb2 Rb4 29. Bf2 Nc4 30. Nd1 Rxa4 31. Nc3 Ra5 32. Be1 Kc8 33. Nb1 Rb5 34.
Nc3 Ra5 35. Nb1 Rb5 1/2-1/2

[Event "7. Open C.A. Ciudad los Angeles 2012"]
[Site "Madrid ESP"]
[Date "2013.05.26"]
[Round "8.3"]
[White "Pindado Campos, Raul"]
[Black "Lopez Ziegler, Carlos"]
[Result "0-1"]
[WhiteElo "1879"]
[BlackElo "1913"]
[PlyCount "108"]
[EventDate "2013.04.07"]
[EventType "swiss"]
[EventRounds "9"]
[EventCountry "ESP"]
[SourceTitle "Ajedrez en Madrid"]
[Source "lmi"]
[SourceDate "2013.04.07"]
[SourceVersion "1"]
[SourceVersionDate "2013.08.06"]
[SourceQuality "1"]

1. d4 d5 2. c4 c6 3. Nf3 h6 4. Nc3 Nf6 5. Bf4 dxc4 6. e4 b5 7. Qc2 Bb7 8. Be2
a6 9. O-O Nbd7 10. Rfd1 e6 11. Ne5 g5 12. Nxd7 Nxd7 13. Bg3 Bg7 14. d5 cxd5 15.
exd5 e5 16. Ne4 Nb6 17. d6 O-O 18. Nc5 Bc6 19. a4 Nd7 20. axb5 axb5 21. Rxa8
Qxa8 22. Nxd7 Bxd7 23. h4 f5 24. hxg5 hxg5 25. f3 Qc6 26. Qd2 f4 27. Bf2 Rf6
28. Qa5 Rf8 29. Qd2 Rf6 30. Qa5 Kf7 31. Qd8 Bf8 32. Ra1 Qc8 33. Qxc8 Bxc8 34.
Ra7+ Ke6 35. Rc7 Bd7 36. Bc5 Bxd6 37. Bxd6 Kxd6 38. Ra7 Ke7 39. b3 c3 40. Bxb5
Rd6 41. Rc7 Kd8 42. Bxd7 Kxc7 43. Bf5 Rd2 44. Kh2 c2 45. Bxc2 Rxc2 46. Kh3 Kd6
47. g3 Rc3 48. Kg2 Rxb3 49. gxf4 gxf4 50. Kf2 Rb2+ 51. Kf1 Kd5 52. Ke1 Kd4 53.
Kf1 Ke3 54. Ke1 Rb1# 0-1

[Event "7. Open C.A. Ciudad los Angeles 2012"]
[Site "Madrid ESP"]
[Date "2013.05.26"]
[Round "8.4"]
[White "Largo Barbero, Benito"]
[Black "Brull Cortes, Boris"]
[Result "0-1"]
[WhiteElo "1879"]
[BlackElo "1953"]
[PlyCount "90"]
[EventDate "2013.04.07"]
[EventType "swiss"]
[EventRounds "9"]
[EventCountry "ESP"]
[SourceTitle "Ajedrez en Madrid"]
[Source "lmi"]
[SourceDate "2013.04.07"]
[SourceVersion "1"]
[SourceVersionDate "2013.08.06"]
[SourceQuality "1"]

1. e4 c5 2. Nc3 Nc6 3. g3 g6 4. Bg2 Rb8 5. d3 b5 6. Bf4 d6 7. Qd2 Bg7 8. Nge2
Nd4 9. Nd1 Bh3 10. Nxd4 Bxg2 11. Nc6 Qb6 12. Rg1 Qxc6 13. Rxg2 h5 14. h3 Nf6
15. f3 Nd7 16. Qe2 Rc8 17. Be3 d5 18. Bd2 b4 19. c3 a5 20. exd5 Qxd5 21. Ne3
Qe6 22. Nc4 Qa6 23. Kf1 O-O 24. Qxe7 Nf6 25. Bg5 Rfe8 26. Qd6 Rc6 27. Qf4 Nd5
28. Qh4 bxc3 29. bxc3 Bxc3 30. Rc1 Rce6 31. Bd2 Bf6 32. Bg5 Bd4 33. Rd2 Qc6 34.
g4 Ne3+ 35. Nxe3 Bxe3 36. Bxe3 Rxe3 37. Rf2 Rxf3 38. gxh5 Rxf2+ 39. Kxf2 Qe6
40. hxg6 Qe2+ 41. Kg1 Qe3+ 42. Kg2 Qd2+ 43. Kf3 Qxd3+ 44. Kg2 Re2+ 45. Kg1 Qe3+
0-1

[Event "7. Open C.A. Ciudad los Angeles 2012"]
[Site "Madrid ESP"]
[Date "2013.05.26"]
[Round "8.5"]
[White "Marcos Herrero, Francisco"]
[Black "Crespo Villalba, Israel"]
[Result "1/2-1/2"]
[WhiteElo "1912"]
[BlackElo "1921"]
[PlyCount "139"]
[EventDate "2013.04.07"]
[EventType "swiss"]
[EventRounds "9"]
[EventCountry "ESP"]
[SourceTitle "Ajedrez en Madrid"]
[Source "lmi"]
[SourceDate "2013.04.07"]
[SourceVersion "1"]
[SourceVersionDate "2013.08.06"]
[SourceQuality "1"]

1. d4 Nf6 2. c4 g6 3. g3 Bg7 4. Bg2 O-O 5. Nc3 d6 6. Nf3 c6 7. O-O Qc7 8. e4 e5
9. h3 a5 10. Be3 Na6 11. Qc2 Re8 12. Rad1 b5 13. dxe5 dxe5 14. cxb5 cxb5 15.
Qe2 Bd7 16. Nxb5 Bxb5 17. Qxb5 Nb4 18. a3 Rab8 19. Qa4 Nc2 20. Bg5 h6 21. Bxf6
Bxf6 22. Rc1 Rec8 23. Rfd1 Rxb2 24. Rd5 Qc3 25. Rxa5 Ra2 26. Ra8 Rxa8 27. Qxa8+
Kg7 28. a4 Qb2 29. Rf1 Ne3 30. Qa7 Nxf1 31. Bxf1 Bd8 32. Bc4 Qc1+ 33. Bf1 Ra1
34. Qa6 Bb6 35. Qb5 Qc5 36. Qb2 Rxa4 37. Nxe5 Qd4 38. Qxd4 Bxd4 39. Nd3 Ra2 40.
Kg2 h5 41. h4 Kf8 42. Kf3 Ke7 43. Be2 Rc2 44. Nf4 Kd6 45. Nd3 Rc3 46. Kg2 Rb3
47. Kf3 f6 48. Kg2 g5 49. e5+ Bxe5 50. Nxe5 Kxe5 51. hxg5 fxg5 52. Bxh5 Kf5 53.
f3 Rb2+ 54. Kg1 Ke5 55. Bg4 Kd4 56. f4 gxf4 57. gxf4 Ke3 58. f5 Kf4 59. Bh5 Kg3
60. Kf1 Rf2+ 61. Ke1 Rxf5 62. Bg6 Rf2 63. Kd1 Kf4 64. Kc1 Ke3 65. Kb1 Kd4 66.
Ka1 Kc3 67. Bh7 Rf1+ 68. Bb1 Rd1 69. Ka2 Rd6 70. Ka1 1/2-1/2